Wordt geladen...
Indian Philosophy: Vol-I /
| Hoofdauteur: | |
|---|---|
| Formaat: | Printed Book |
| Taal: | English |
| Gepubliceerd in: |
Delhi:
Motilal Banarasidass,
1978.
|
| Editie: | 2nd ed. |
| Onderwerpen: |
| LEADER | 00565cam a2200193ua 4500 | ||
|---|---|---|---|
| 008 | 080905t1978||||||||||| 00 ||eng c | ||
| 041 | 0 | |a eng | |
| 082 | |a 181.4 |b JAD/I.1 | ||
| 100 | 0 | |a Jadunath Sinha, | |
| 245 | 0 | 0 | |a Indian Philosophy: Vol-I / |
| 250 | |a 2nd ed. | ||
| 260 | |a Delhi: |b Motilal Banarasidass, |c 1978. | ||
| 300 | |a 944p.. | ||
| 362 | 1 | |a 1978. | |
| 365 | |e hb | ||
| 650 | 0 | |a Indian Philosophy | |
| 942 | |c BK | ||
| 999 | |c 19266 |d 19266 | ||
| 952 | |0 0 |1 0 |4 0 |6 181_400000000000000_JADI |7 0 |9 20140 |a KUCL |b KUCL |d 2014-05-23 |l 0 |o 181.4 JAD/I. |p 20375 |r 2017-03-09 |w 2014-05-23 |y BK | ||